[Event "COL-ch Amateur"]
[Site "Colombia"]
[Date "2014.03.13"]
[Round "4"]
[White "Robles Nera, Javier"]
[Black "Torres, Carlos"]
[Result "1/2-1/2"]
[WhiteElo "1948"]
[BlackElo "1709"]
[PlyCount "95"]
[EventDate "2014.03.12"]
[EventType "swiss"]
[EventRounds "9"]
[EventCountry "COL"]
[SourceTitle "CBM 159 Extra"]
[Source "ChessBase"]
[SourceDate "2014.04.24"]
[SourceVersion "1"]
[SourceVersionDate "2014.04.24"]
[SourceQuality "1"]

1. e4 e5 2. Nf3 Nc6 3. Bb5 a6 4. Ba4 Nf6 5. 0-0 Be7 6. Re1 b5 7. Bb3 0-0 8. a4 Bb7 9. Nc3 b4 10. Nd5 d6 11. d3 a5 12. c3 bxc3 13. bxc3 Nb8 14. Nxe7+ Qxe7 15. Bg5 Nbd7 16. Nh4 g6 17. Qd2 Nc5 18. Bc2 Ne6 19. Nf3 Nxg5 20. Qxg5 Kg7 21. Rab1 Bc6 22. Nh4 Bd7 23. Nf5+ Bxf5 24. exf5 h6 25. Qh4 g5 26. Qc4 Qd7 27. d4 d5 28. Qb5 c6 29. Qb7 e4 30. Qxd7 Nxd7 31. Rb7 Rfd8 32. f3 exf3 33. Re7 fxg2 34. Rexd7 Rxd7 35. Rxd7 Rb8 36. Re7 c5 37. dxc5 Rc8 38. Rd7 Rxc5 39. Bb3 Kf6 40. Rxd5 Rxc3 41. Bd1 Re3 42. Kxg2 Re5 43. Rxe5 Kxe5 44. Bb3 f6 45. Be6 Kf4 46. Bd7 h5 47. h3 h4 48. Bc8 1/2-1/2